| 000 | 007610000a22002290004500 | ||
|---|---|---|---|
| 090 |
_aAR _b00455 |
||
| 245 | 1 | 0 | _aAnnotated checklist of the mammals of Cuzco amazonico, Peru |
| 650 | 1 | 4 |
_aFauna _992594 |
| 650 | 1 | 4 |
_aInventarios de mamíferos _993445 |
| 650 | 1 | 4 |
_aDistribución geográfica _992997 |
| 651 | 4 |
_lReserva Cuzco Amazónico _dMadre de Dios _pPerú _992749 |
|
| 041 | 0 | _aInglés | |
| 700 | 1 |
_aTimm, Robert M. _993403 |
|
| 700 | 1 |
_aPacheco, Victor _950367 |
|
| 700 | 1 |
_aHooper, Errol D. _993446 |
|
| 700 | 1 |
_aSchmidt, Cheryl A. _993447 |
|
| 700 | 1 |
_aPacheco A., Cecilia _993448 |
|
| 700 | 1 |
_aArana C., Rosa _993449 |
|
| 100 | 1 |
_aWoodman, Neal _911118 |
|
| 942 | _cARTICULO | ||
| 773 | 1 |
_tOccasional Papers Museum of Natural History _3178 _h145 _q1-12 _d1991 |
|
| 999 |
_c9551 _d9551 |
||